[Event "GER-ch U25-B"]
[Site "Willingen"]
[Date "2018.05.23"]
[Round "5"]
[White "Hierl, Johannes"]
[Black "Guo, Philipp Ziming"]
[Result "1-0"]
[WhiteElo "1377"]
[BlackElo "1392"]
[PlyCount "115"]
[EventDate "2018.05.19"]
[EventType "swiss"]
[EventRounds "9"]
[EventCountry "GER"]
[SourceTitle "CBM 184 Extra"]
[Source "ChessBase"]
[SourceDate "2018.06.28"]
[SourceVersion "1"]
[SourceVersionDate "2018.06.28"]
[SourceQuality "1"]

1. d4 Nf6 2. Bf4 d6 3. e3 Nbd7 4. Nf3 g6 5. Bd3 Bg7 6. Nbd2 0-0 7. Qe2 c5 8. 0-0 b6 9. c4 Bb7 10. d5 Ng4 11. h3 Nge5 12. Nxe5 Nxe5 13. Bxe5 Bxe5 14. Nf3 Bxb2 15. Qxb2 Bc8 16. Rfe1 Re8 17. Bc2 Ba6 18. Ba4 Rf8 19. Bb5 Bc8 20. Bc6 Rb8 21. e4 f6 22. Qd2 Kg7 23. Qf4 Qc7 24. g4 g5 25. Qg3 h6 26. a4 a5 27. Kg2 Ba6 28. Bb5 Bb7 29. Rh1 Rh8 30. h4 Rbf8 31. hxg5 hxg5 32. Nd2 Qd8 33. Rxh8 Rxh8 34. Rh1 Rxh1 35. Kxh1 Qh8+ 36. Qh2 Qxh2+ 37. Kxh2 Bc8 38. Kg3 Kh6 39. f4 Kg6 40. Nf1 Kh6 41. Ne3 Kg7 42. Be8 Kf8 43. Bb5 Kg7 44. Nf5+ Kf7 45. Ne3 Kg7 46. Nf1 Kg6 47. Nh2 Kh6 48. Nf3 gxf4+ 49. Kxf4 Kg6 50. g5 Kf7 51. gxf6 Kxf6 52. e5+ Kf7 53. e6+ Kf6 54. Ng5 Kg6 55. Bd7 Ba6 56. Bb5 Bc8 57. Ne4 Bb7 58. Nxd6 1-0

[Event "GER-ch U25-B"]
[Site "Willingen"]
[Date "2018.05.22"]
[Round "4"]
[White "Guo, Philipp Ziming"]
[Black "Toth, Marcell Balazs"]
[Result "0-1"]
[WhiteElo "1392"]
[BlackElo "1434"]
[PlyCount "40"]
[EventDate "2018.05.19"]
[EventType "swiss"]
[EventRounds "9"]
[EventCountry "GER"]
[SourceTitle "CBM 184 Extra"]
[Source "ChessBase"]
[SourceDate "2018.06.28"]
[SourceVersion "1"]
[SourceVersionDate "2018.06.28"]
[SourceQuality "1"]

1. e4 e5 2. Nf3 Nc6 3. c3 Nf6 4. d4 exd4 5. e5 Nd5 6. cxd4 Bb4+ 7. Bd2 Bxd2+ 8. Nbxd2 d6 9. Bb5 Be6 10. Rc1 Qd7 11. 0-0 0-0 12. Ne4 h6 13. h3 a6 14. Bxc6 bxc6 15. Qa4 Nf4 16. Kh2 Bxh3 17. Rg1 Bxg2 18. e6 Qxe6 19. Neg5 hxg5 20. Nxg5 Qh6+ 0-1

[Event "GER-ch U25-B"]
[Site "Willingen"]
[Date "2017.06.09"]
[Round "8"]
[White "Guo, Philipp Ziming"]
[Black "Ljuca, Semir"]
[Result "1/2-1/2"]
[WhiteElo "1070"]
[BlackElo "1263"]
[PlyCount "59"]
[EventDate "2017.06.04"]
[EventType "swiss"]
[EventRounds "9"]
[EventCountry "GER"]
[SourceTitle "CBM 178 Extra"]
[Source "ChessBase"]
[SourceDate "2017.06.22"]
[SourceVersion "1"]
[SourceVersionDate "2017.06.22"]
[SourceQuality "1"]

1. e4 c5 2. c3 d6 3. d4 Nd7 4. Bb5 Ngf6 5. Bxd7+ Nxd7 6. Be3 Qb6 7. Qc2 g6 8. Nf3 Bg7 9. 0-0 0-0 10. Nbd2 Nf6 11. h3 Qc6 12. Rac1 b6 13. d5 Qd7 14. c4 Ba6 15. b3 b5 16. Rfd1 e6 17. Bf4 bxc4 18. bxc4 exd5 19. cxd5 Qe7 20. Re1 Nd7 21. Rcd1 Bb5 22. a4 Ba6 23. Qa2 Rab8 24. Nf1 Rb2 25. Qa3 Bc4 26. Rd2 Rb3 27. Qc1 Bc3 28. Ng3 Bxd2 29. Nxd2 Rb4 30. Nxc4 1/2-1/2